000 00367nam a2200157Ia 4500
003 Ost
005 20260225132555.0
008 260225s9999||||xx |||||||||||||| ||und||
040 _cfsic
041 _afre
082 _a440
100 _aGiannalberto Bendazzi
_eAuteur
245 0 _aLe Film d'animation vol.1 /
245 0 _cGiannalberto Bendazzi
942 _cكتاب
999 _c34393
_d34393